| 000 | 00720cab a2200217 4500 | ||
|---|---|---|---|
| 001 | ABS46057 | ||
| 008 | 090401t1992 xxu||||| |||| 00| 0 eng d | ||
| 035 | _a(Sirsi) u56615 | ||
| 041 | _aeng | ||
| 100 | _aBurton, M. | ||
| 245 | _aIs the de minimis level too low? | ||
| 260 | _c1992 | ||
| 350 | _a0 | ||
| 490 |
_aMunicipal Journal _v(11) 13 March 1992, 18-19(2) |
||
| 520 | _aReports on the bid by the Convention of Scottish Local Authorities to raise the £100,000 de minimis exemption level for contracts under Compulsory Competitive Tendering (CCT) to £250,000. | ||
| 650 | _aCOMPULSORY COMPETITIVE TENDERING | ||
| 650 | _aSCOTLAND | ||
| 690 | _aECONOMIC AND SOCIAL | ||
| 942 | _n0 | ||
| 948 | _c04/03/1997 | ||
| 999 |
_c34543 _d34543 |
||